| 000 | 00375nam a2200133Ia 4500 | ||
|---|---|---|---|
| 008 | 220214s9999 xx 000 0 und d | ||
| 022 | _a0300-1237 | ||
| 245 | 0 | _aEUROPEAN JOURNAL OF FOREST PATHOLOGY | |
| 260 |
_bVerlag Paul Parey (Hamburg) _aGermany |
||
| 310 | _a7/y | ||
| 500 | _aEnding Volume & Year: 16, 1986 | ||
| 500 | _aStarting Volume & Year: 13, 1983 | ||
| 942 | _cBJ | ||
| 999 |
_c13761 _d13761 |
||